000 00625nam a2200157 a 4500
001 000028816
005 20200930055145.0
008 110412s2002 dr a 000 0 spa d
040 _aDO-SdBNP
_bspa
_cBNPHU
082 _axxx
_bC755c
110 1 _aConsejo Nacional de Seguridad Social
_bDirección de Información y Defensa de los Afiliados (DIDA)
_955798
245 1 0 _aCosas que hay que saber sobre la seguridad social :
_binformación para empleadores y empleados del sector público y privado.
260 _aSanto Domingo :
_bConsejo Nacional de Seguridad Social,
_c2002.
300 _a49 p. :
_bil. ;
_c28 cm.
049 _aBNPD
999 _c28308
_d28308